00655nam a2200181 a 45000010005000000030005000050050017000100080041000270400020000682450110000882600024001984900055002226500038002776500033003159420013003489990015003619520097003765109CDMR20131211114644.0130130s1987||||||||||||||||||||||||||||d aCDMRbcatcCDMR 4aLas noticias extranjeras en los medios de comunicaciónb: la información internacional en 29 países aParisc1987bUNESCO0 aEstudios y documentos de comunicación socialv930492190aComunicació internacional0494490aNotícies estrangeres cMON2udc c5109d5109 00104070aCDMRbCDMRd2013-01-16l0oBgpBg357180201301161256r2013-01-16w2013-01-16yMON